[Event "Verbandsliga Sued Baden 1213"]
[Site "Baden"]
[Date "2013.03.24"]
[Round "8.5"]
[White "Barnstedt, Dietrich"]
[Black "Scherer, Helmut"]
[Result "0-1"]
[WhiteElo "2015"]
[BlackElo "2293"]
[PlyCount "58"]
[EventDate "2012.10.21"]
[EventType "team-tourn"]
[EventRounds "9"]
[EventCountry "GER"]
[SourceTitle "EXT 2014"]
[Source "ChessBase"]
[SourceDate "2013.11.20"]
[SourceVersion "1"]
[SourceVersionDate "2013.11.20"]
[SourceQuality "1"]
[WhiteTeam "Offenburg"]
[BlackTeam "Zaehringen"]
[WhiteTeamCountry "GER"]
[BlackTeamCountry "GER"]

1. d4 Nf6 2. Nf3 e6 3. Nbd2 d5 4. e3 Nbd7 5. Ne5 Nxe5 6. dxe5 Nd7 7. f4 f6 8. Bd3 g6 9. exf6 Qxf6 10. Nf3 e5 11. fxe5 Nxe5 12. 0-0 Be6 13. Nd4 Qe7 14. Nxe6 Qxe6 15. Bd2 0-0-0 16. Qe2 Bh6 17. Rae1 Rhe8 18. h3 Rd7 19. Bc3 Nxd3 20. Qxd3 Bxe3+ 21. Kh1 d4 22. Bb4 Rd5 23. Bd2 Re5 24. Bxe3 Rxe3 25. Rxe3 dxe3 26. Qa3 a6 27. Re1 Qe5 28. Re2 Qf4 29. Kg1 Rd8 0-1

[Event "Verbandsliga Sued Baden 1213"]
[Site "Baden"]
[Date "2013.01.27"]
[Round "5.6"]
[White "Barnstedt, Dietrich"]
[Black "Schuler, Klaus"]
[Result "0-1"]
[WhiteElo "2015"]
[BlackElo "2196"]
[PlyCount "91"]
[EventDate "2012.10.21"]
[EventType "team-tourn"]
[EventRounds "9"]
[EventCountry "GER"]
[SourceTitle "EXT 2014"]
[Source "ChessBase"]
[SourceDate "2013.11.20"]
[SourceVersion "1"]
[SourceVersionDate "2013.11.20"]
[SourceQuality "1"]
[WhiteTeam "Offenburg"]
[BlackTeam "Lahr"]
[WhiteTeamCountry "GER"]
[BlackTeamCountry "GER"]

1. d4 d5 2. Nf3 Bf5 3. c4 e6 4. Qb3 Nc6 5. Bd2 Rb8 6. e3 a6 7. Bd3 Bxd3 8. Qxd3 Nf6 9. 0-0 dxc4 10. Qxc4 Qd5 11. Qd3 Qb5 12. Qxb5 axb5 13. Ne5 Nxe5 14. dxe5 Nd7 15. f4 b4 16. Be1 Bc5 17. Bf2 Rd8 18. e4 Ke7 19. Nd2 Bxf2+ 20. Rxf2 Nc5 21. Rc1 b6 22. Rc2 Rd7 23. g3 Rhd8 24. Re2 g6 25. b3 Rd3 26. g4 Rc3 27. Nf1 Nxe4 28. Rxc3 Nxc3 29. Rd2 Rxd2 30. Nxd2 Ne2+ 31. Kf2 Nxf4 32. Ke3 Nd5+ 33. Kd3 f5 34. exf6+ Nxf6 35. g5 Nd5 36. h4 Kd6 37. Kd4 c5+ 38. Ke4 Nc3+ 39. Kf4 e5+ 40. Kg4 b5 41. h5 Kd5 42. hxg6 hxg6 43. Nf3 Ne2 44. Nh4 Nf4 45. Nxg6 Nxg6 46. Kf5 0-1

[Event "EU-chT Seniors 07th"]
[Site "Dresden"]
[Date "2005.02.20"]
[Round "3"]
[White "Edwards, Raymond B"]
[Black "Barnstedt, Dietrich"]
[Result "0-1"]
[WhiteElo "2104"]
[BlackElo "2147"]
[PlyCount "76"]
[EventDate "2005.02.18"]
[EventType "team-swiss"]
[EventRounds "8"]
[EventCountry "GER"]
[SourceTitle "EXT 2006"]
[Source "ChessBase"]
[SourceDate "2005.11.24"]
[SourceVersion "1"]
[SourceVersionDate "2005.11.24"]
[SourceQuality "1"]

1. d4 Nf6 2. c4 g6 3. Nc3 d5 4. cxd5 Nxd5 5. Na4 Bg7 6. e4 Nf6 7. Nc3 0-0 8. Nf3 c5 9. d5 Bg4 10. Be2 Nbd7 11. 0-0 Rc8 12. Be3 a6 13. a4 Qb6 14. Qc2 e6 15. h3 Bxf3 16. Bxf3 Ne5 17. Be2 exd5 18. exd5 Rfd8 19. f4 Ned7 20. Bf3 Re8 21. Bf2 Qb4 22. g3 c4 23. Rfe1 Nc5 24. Na2 Qxa4 25. Qxa4 Nxa4 26. d6 Nxb2 27. Bxb7 Rxe1+ 28. Rxe1 Rd8 29. Rb1 Ne8 30. Bxa6 Nxd6 31. Nb4 Ne4 32. Rc1 Nxf2 33. Kxf2 Rd2+ 34. Ke3 c3 35. Rc2 Bd4+ 36. Kf3 f5 37. Be2 Bc5 38. Rxd2 cxd2 0-1

[Event "EU-chT Seniors 07th"]
[Site "Dresden"]
[Date "2005.02.18"]
[Round "1"]
[White "Brameyer, Hermann"]
[Black "Barnstedt, Dietrich"]
[Result "1-0"]
[WhiteElo "2272"]
[BlackElo "2147"]
[PlyCount "117"]
[EventDate "2005.02.18"]
[EventType "team-swiss"]
[EventRounds "8"]
[EventCountry "GER"]
[SourceTitle "EXT 2006"]
[Source "ChessBase"]
[SourceDate "2005.11.24"]
[SourceVersion "1"]
[SourceVersionDate "2005.11.24"]
[SourceQuality "1"]

1. d4 Nf6 2. Nf3 g6 3. c4 Bg7 4. Nc3 d5 5. Bf4 0-0 6. e3 c6 7. h3 dxc4 8. Bxc4 Nd5 9. Bg3 Qa5 10. Bxd5 cxd5 11. Qb3 e6 12. 0-0 a6 13. Na4 b5 14. Nc5 Nd7 15. Rfc1 Re8 16. Nxd7 Bxd7 17. Rc7 Red8 18. Rac1 Rdc8 19. a3 Bf8 20. R1c3 Rxc7 21. Rxc7 Be8 22. Qc2 Qb6 23. Be5 a5 24. Nh2 Bd6 25. Rc8 Rxc8 26. Qxc8 Kf8 27. Ng4 Be7 28. Nf6 Bxf6 29. Bxf6 Qc6 30. Qd8 a4 31. Qe7+ Kg8 32. Be5 h5 33. Bd6 Qd7 34. Qf8+ Kh7 35. Be5 f6 36. Bxf6 g5 37. Bxg5 Qf7 38. Qh6+ Kg8 39. f3 Qg6 40. Qxg6+ Bxg6 41. Kf2 Bd3 42. g4 hxg4 43. hxg4 Kf7 44. Kg3 Kg6 45. Kf4 Be2 46. Bd8 Bd1 47. e4 Be2 48. exd5 exd5 49. Kg3 Bd1 50. f4 Bc2 51. f5+ Kf7 52. Kf4 Ke8 53. Bf6 Bd1 54. g5 Kf7 55. Be5 Bc2 56. g6+ Ke7 57. Kg5 Kf8 58. f6 Kg8 59. f7+ 1-0

[Event "EU-chT Seniors 06th"]
[Site "Dresden"]
[Date "2004.02.23"]
[Round "2.3"]
[White "Barnstedt, Dietrich"]
[Black "Lieb, Harald"]
[Result "0-1"]
[WhiteElo "2149"]
[BlackElo "2328"]
[PlyCount "62"]
[EventDate "2004.02.22"]
[EventType "team-swiss"]
[EventRounds "7"]
[EventCountry "GER"]
[SourceTitle "CBM 099 Extra"]
[Source "ChessBase"]
[SourceDate "2004.05.04"]
[SourceVersion "1"]
[SourceVersionDate "2004.05.04"]
[SourceQuality "1"]
[WhiteTeam "Baden"]
[BlackTeam "Berlin"]
[WhiteTeamCountry "GER"]
[BlackTeamCountry "GER"]

1. d4 Nf6 2. Nf3 g6 3. Bg5 Bg7 4. Nbd2 d6 5. e4 0-0 6. Bc4 c6 7. Qe2 h6 8. Bxf6 Bxf6 9. e5 Bg7 10. e6 f5 11. d5 Bxb2 12. Rb1 Bg7 13. g4 cxd5 14. Bxd5 Nc6 15. Rg1 Qa5 16. Rb5 Qc3 17. gxf5 gxf5 18. Rb3 Qa1+ 19. Rb1 Qf6 20. Kf1 Kh8 21. Rb3 Rg8 22. Kg2 Ne5 23. Nxe5 dxe5 24. c4 Bxe6 25. Rxb7 Bxd5+ 26. cxd5 Qd6 27. Qf3 e4 28. Qb3 Bc3+ 29. Kh1 Rxg1+ 30. Kxg1 Rg8+ 31. Kf1 Bxd2 0-1

[Event "GER-chT Seniors 12th"]
[Site "Finsterbergen"]
[Date "2003.08.11"]
[Round "2.3"]
[White "Barnstedt, Dietrich"]
[Black "Lomer, Edmund"]
[Result "0-1"]
[WhiteElo "2149"]
[BlackElo "2090"]
[PlyCount "84"]
[EventDate "2003.08.10"]
[EventType "team-tourn"]
[EventRounds "7"]
[EventCountry "GER"]
[SourceTitle "EXT 2012"]
[Source "ChessBase"]
[SourceDate "2011.11.24"]
[SourceVersion "1"]
[SourceVersionDate "2011.11.24"]
[SourceQuality "1"]
[WhiteTeam "Baden II"]
[BlackTeam "Schleswig Holstein"]
[WhiteTeamCountry "GER"]
[BlackTeamCountry "GER"]

1. d4 Nf6 2. Nf3 d5 3. Bg5 e6 4. Nbd2 Be7 5. e3 Nbd7 6. Bd3 c6 7. c3 0-0 8. Qe2 Re8 9. Ne5 Nxe5 10. dxe5 Nd7 11. Bxe7 Qxe7 12. f4 f6 13. Nf3 b6 14. h4 a5 15. Ng5 f5 16. g4 Nc5 17. gxf5 exf5 18. Bc2 Ba6 19. Qh5 g6 20. Qf3 h6 21. Nh3 Nd3+ 22. Kd2 Nxb2 23. Rag1 Nc4+ 24. Ke1 Qa3 25. Rxg6+ Kf7 26. Bxf5 Qxc3+ 27. Kf2 Qd2+ 28. Kg3 Rg8 29. Be6+ Kxg6 30. Qg4+ Kh7 31. Ng5+ Rxg5 32. hxg5 Qxe3+ 33. Kh4 Qf2+ 34. Kh5 Ne3 35. Bf5+ Kh8 36. Qh3 Qxf4 37. Kxh6 Rg8 38. Bg6 Bd3 39. Qe6 Rxg6+ 40. Qxg6 Bxg6 41. Kxg6+ Kg8 42. Rg1 Qf5+ 0-1

[Event "Baden-ch SN"]
[Site "Karlsruhe"]
[Date "2003.04.23"]
[Round "6.1"]
[White "Barnstedt, Dietrich"]
[Black "Nadenau, Oskar"]
[Result "1/2-1/2"]
[WhiteElo "2154"]
[BlackElo "2045"]
[PlyCount "107"]
[EventDate "2003.04.18"]
[EventType "swiss"]
[EventRounds "9"]
[EventCountry "GER"]
[SourceTitle "EXT 2004"]
[Source "ChessBase"]
[SourceDate "2003.11.25"]
[SourceVersion "1"]
[SourceVersionDate "2003.11.25"]
[SourceQuality "1"]

1. d4 Nf6 2. Bg5 e6 3. Nd2 Be7 4. Ngf3 d5 5. e3 Nbd7 6. Bd3 h6 7. Bh4 0-0 8. 0-0 c5 9. c3 a5 10. Ne5 Nxe5 11. dxe5 Nd7 12. Bxe7 Qxe7 13. f4 f5 14. Qh5 Qf7 15. Qh3 b6 16. Rf2 Ba6 17. Bc2 Rfc8 18. Nf3 Nf8 19. g4 fxg4 20. Qxg4 Bb7 21. f5 Rc7 22. Raf1 Ba6 23. Rd1 exf5 24. Bxf5 Bc8 25. e6 Bxe6 26. Ne5 Bxf5 27. Rxf5 Qe7 28. Rxd5 Qe8 29. Rd6 Re7 30. Rxf8+ Qxf8 31. Ng6 Qf7 32. Nxe7+ Qxe7 33. Qe6+ Qxe6 34. Rxe6 Rb8 35. Rc6 Rb7 36. Kf2 Kf7 37. e4 Re7 38. Rxb6 Rxe4 39. Rb5 Rh4 40. Kg3 Re4 41. Rxc5 Re2 42. Rb5 a4 43. a3 g5 44. Rb6 h5 45. h4 gxh4+ 46. Kxh4 Rh2+ 47. Kg5 h4 48. Kg4 Ke7 49. Rb4 Kd6 50. Rxa4 Rxb2 51. Rc4 Kd5 52. Rc8 Rb3 53. a4 Ra3 54. c4+ 1/2-1/2

[Event "EU-chT Seniors 05th"]
[Site "Dresden"]
[Date "2003.03.01"]
[Round "7.4"]
[White "Reinholz, Siegfried"]
[Black "Barnstedt, Dietrich"]
[Result "1-0"]
[WhiteElo "1901"]
[BlackElo "2154"]
[PlyCount "81"]
[EventDate "2003.02.23"]
[EventType "team-swiss"]
[EventRounds "7"]
[EventCountry "GER"]
[SourceTitle "EXT 2005"]
[Source "ChessBase"]
[SourceDate "2004.11.15"]
[SourceVersion "1"]
[SourceVersionDate "2004.11.15"]
[SourceQuality "1"]

1. e4 c5 2. Nf3 Nf6 3. Nc3 d5 4. Bb5+ Bd7 5. Bxd7+ Qxd7 6. exd5 Nxd5 7. Nxd5 Qxd5 8. d4 e6 9. Be3 cxd4 10. Qxd4 Qb5 11. 0-0-0 Na6 12. a4 Qc6 13. Ne5 Qc7 14. Rhe1 Bc5 15. Qd7+ Qxd7 16. Rxd7 Bxe3+ 17. Rxe3 f6 18. Rxg7 fxe5 19. Rxe5 0-0-0 20. Rxe6 Rd7 21. Ree7 Rhd8 22. Rxd7 Rxd7 23. Rg4 Kc7 24. Rc4+ Kd6 25. f4 Kd5 26. Rc3 Ke4 27. Rc4+ Rd4 28. Rxd4+ Kxd4 29. Kd2 Ke4 30. g3 Kf3 31. a5 Kg2 32. f5 Kxh2 33. g4 h6 34. f6 Nb8 35. f7 Nd7 36. c4 Kg3 37. b4 Kf4 38. a6 b6 39. c5 bxc5 40. bxc5 Nf8 41. c6 1-0

[Event "EU-chT Seniors 05th"]
[Site "Dresden"]
[Date "2003.02.25"]
[Round "3.4"]
[White "Kuehn, Peter1"]
[Black "Barnstedt, Dietrich"]
[Result "1-0"]
[WhiteElo "1992"]
[BlackElo "2154"]
[PlyCount "63"]
[EventDate "2003.02.23"]
[EventType "team-swiss"]
[EventRounds "7"]
[EventCountry "GER"]
[SourceTitle "EXT 2005"]
[Source "ChessBase"]
[SourceDate "2004.11.15"]
[SourceVersion "1"]
[SourceVersionDate "2004.11.15"]
[SourceQuality "1"]

1. e4 e5 2. Nf3 d5 3. exd5 e4 4. Qe2 Be7 5. Qxe4 Nf6 6. Qa4+ Bd7 7. Qb3 b6 8. Nc3 0-0 9. Be2 c6 10. d4 cxd5 11. Nxd5 Bd6 12. Nxf6+ Qxf6 13. Bg5 Qg6 14. 0-0-0 Nc6 15. h4 Be6 16. Qa4 Nb4 17. Bd3 Qh5 18. a3 b5 19. Qa5 Na2+ 20. Kb1 b4 21. d5 Bg4 22. Kxa2 bxa3 23. b3 h6 24. Qa6 Bc5 25. Be3 Bxe3 26. fxe3 Bxf3 27. gxf3 Qxf3 28. e4 Qe3 29. Qxa3 a5 30. Rdg1 Rfc8 31. Qb2 a4 32. Qxg7# 1-0

[Event "EU-chT Seniors 05th"]
[Site "Dresden"]
[Date "2003.02.23"]
[Round "1.4"]
[White "Appelt, Gerd"]
[Black "Barnstedt, Dietrich"]
[Result "1/2-1/2"]
[WhiteElo "1915"]
[BlackElo "2154"]
[PlyCount "101"]
[EventDate "2003.02.23"]
[EventType "team-swiss"]
[EventRounds "7"]
[EventCountry "GER"]
[SourceTitle "EXT 2005"]
[Source "ChessBase"]
[SourceDate "2004.11.15"]
[SourceVersion "1"]
[SourceVersionDate "2004.11.15"]
[SourceQuality "1"]

1. e4 e5 2. Nf3 Nf6 3. d3 Nc6 4. c3 d5 5. Qc2 Be7 6. Be2 0-0 7. 0-0 h6 8. h3 Be6 9. Nbd2 Qd7 10. Nh2 Rad8 11. Re1 Ne8 12. g4 h5 13. Ndf1 hxg4 14. hxg4 g6 15. Bh6 Ng7 16. Ng3 Bh4 17. Bf3 Bxg3 18. fxg3 f5 19. Qe2 fxe4 20. dxe4 d4 21. Bg5 Rde8 22. Qd1 Rf7 23. Be2 a6 24. Qd2 Qd6 25. a3 Qc5 26. c4 Rd7 27. b4 Qa7 28. Bd3 Rf7 29. Rf1 Ref8 30. Rxf7 Rxf7 31. Rf1 Rxf1+ 32. Kxf1 Qb8 33. Qf2 Qc8 34. Bh6 Qf8 35. Qxf8+ Kxf8 36. Kf2 Nb8 37. Bd2 Nd7 38. g5 Ke7 39. Nf3 Bf7 40. g4 c5 41. Ke2 b5 42. cxb5 c4 43. bxa6 cxd3+ 44. Kxd3 Ne8 45. a7 Nc7 46. Be1 Ba2 47. Kc2 Ke6 48. Bg3 Na8 49. a4 Bc4 50. Nh4 Kf7 51. Nf3 1/2-1/2

[Event "Wch Seniors 12th"]
[Site "Naumburg"]
[Date "2002.10.23"]
[Round "3"]
[White "Vucenovic, Dragomir"]
[Black "Barnstedt, Dietrich"]
[Result "1/2-1/2"]
[WhiteElo "2279"]
[BlackElo "2035"]
[PlyCount "94"]
[EventDate "2002.10.21"]
[EventType "swiss"]
[EventRounds "11"]
[EventCountry "GER"]
[SourceTitle "EXT 2006"]
[Source "ChessBase"]
[SourceDate "2005.11.24"]
[SourceVersion "1"]
[SourceVersionDate "2005.11.24"]
[SourceQuality "1"]

1. d4 d5 2. g3 Nf6 3. Bg2 e6 4. Nf3 c5 5. 0-0 Nc6 6. b3 cxd4 7. Nxd4 Be7 8. Bb2 0-0 9. Nd2 Bd7 10. N2f3 Rc8 11. Rc1 Qb6 12. Nxc6 Bxc6 13. Ne5 Rfd8 14. Nxc6 Rxc6 15. e3 Qa5 16. a3 Ne4 17. Bxe4 dxe4 18. Qg4 Bf8 19. Qxe4 Rd2 20. Bd4 f5 21. Qf3 Qxa3 22. Ra1 Qd6 23. c4 a6 24. Rfd1 Rxd1+ 25. Rxd1 Qb4 26. e4 fxe4 27. Qg4 Rd6 28. Qxe4 Qxb3 29. Rc1 Rc6 30. h4 Qa3 31. Rb1 Qe7 32. c5 Qf7 33. Qe5 Qc7 34. Qe4 Bxc5 35. Bxc5 Rxc5 36. Rxb7 Qc6 37. Rb8+ Kf7 38. Rb7+ Kf6 39. Qd4+ Re5 40. Rxg7 Kxg7 41. Qxe5+ Kf7 42. Qh5+ Kg7 43. Qg5+ Kf7 44. Qf4+ Kg7 45. g4 Qd5 46. g5 a5 47. Qf6+ Kg8 1/2-1/2

[Event "Baden VLS 0102"]
[Site "Germany"]
[Date "2002.05.05"]
[Round "9.4"]
[White "Barnstedt, Dietrich"]
[Black "Colnel, Pierre Marie"]
[Result "0-1"]
[WhiteElo "2111"]
[BlackElo "1980"]
[PlyCount "124"]
[EventDate "2001.09.30"]
[EventType "team-tourn"]
[EventRounds "9"]
[EventCountry "GER"]
[SourceTitle "EXT 2003"]
[Source "ChessBase"]
[SourceDate "2002.11.25"]
[SourceVersion "1"]
[SourceVersionDate "2002.11.25"]
[SourceQuality "1"]
[WhiteTeam "Offenburg"]
[BlackTeam "Durmersheim"]
[WhiteTeamCountry "GER"]
[BlackTeamCountry "GER"]

1. d4 Nf6 2. Nf3 g6 3. Nbd2 d5 4. e3 Bg7 5. Ne5 Nbd7 6. f4 Ne4 7. Nxe4 dxe4 8. Bc4 e6 9. 0-0 0-0 10. Bd2 Nf6 11. Bb3 a5 12. c4 Ne8 13. Bc2 f6 14. Ng4 h5 15. Nf2 f5 16. b4 Nd6 17. c5 Nc4 18. bxa5 Nxd2 19. Qxd2 c6 20. Bb3 Qxa5 21. Qxa5 Rxa5 22. Rac1 Kf7 23. Nd1 Kf6 24. h4 Ke7 25. Nb2 Bd7 26. Nc4 Raa8 27. Rf2 Bf6 28. g3 Rfb8 29. Rb1 Kd8 30. a4 Kc7 31. Ra2 Ra7 32. Nb6 Ra5 33. Rab2 Ra7 34. Bc4 Bd8 35. a5 Rxa5 36. Nxd7 Kxd7 37. Rxb7+ Rxb7 38. Rxb7+ Bc7 39. Bxe6+ Kxe6 40. Rxc7 Kd5 41. Rg7 Ra3 42. Rxg6 Rxe3 43. Rd6+ Kc4 44. Kf2 Rd3 45. Rxc6 Kxd4 46. Ra6 Rf3+ 47. Kg2 Rc3 48. Rd6+ Ke3 49. Rd5 Rc2+ 50. Kh3 Kf3 51. Rxf5 e3 52. Rxh5 Rc1 53. Kh2 e2 54. Re5 e1Q 55. Rxe1 Rxe1 56. c6 Kg4 57. Kg2 Rc1 58. Kf2 Rxc6 59. Ke3 Rc3+ 60. Ke4 Rxg3 61. h5 Kxh5 62. Kf5 Rf3 0-1

[Event "EU-chT Seniors 04th"]
[Site "Dresden"]
[Date "2002.03.01"]
[Round "6.4"]
[White "Barnstedt, Dietrich"]
[Black "MacDonald Ross, Michael"]
[Result "0-1"]
[WhiteElo "2085"]
[BlackElo "2170"]
[PlyCount "83"]
[EventDate "2002.02.25"]
[EventType "team-swiss"]
[EventRounds "7"]
[EventCountry "GER"]
[SourceTitle "EXT 2005"]
[Source "ChessBase"]
[SourceDate "2004.11.15"]
[SourceVersion "1"]
[SourceVersionDate "2004.11.15"]
[SourceQuality "1"]

1. d4 d5 2. Nf3 Nf6 3. e3 Nbd7 4. Bd3 c5 5. c3 g6 6. Nbd2 Bg7 7. 0-0 0-0 8. b4 b6 9. e4 dxe4 10. Nxe4 Bb7 11. Nxf6+ Nxf6 12. bxc5 bxc5 13. Ba3 cxd4 14. Re1 Nd5 15. c4 Nc3 16. Qc1 Re8 17. Qf4 Bxf3 18. Qxf3 Rb8 19. h4 Bf6 20. h5 Qa5 21. hxg6 hxg6 22. Bc1 Kg7 23. Bf4 e5 24. Bh6+ Kxh6 25. Qxf6 Qc7 26. g4 Qe7 27. g5+ Kh7 28. Kg2 Qxf6 29. gxf6 Rb6 30. Rh1+ Kg8 31. Rh3 Rxf6 32. Rah1 Kf8 33. c5 Ke7 34. Re1 Kd7 35. Bc4 Kc6 36. Rh7 Re7 37. Rh8 Kxc5 38. Rc8+ Rc6 39. Rxc6+ Kxc6 40. f3 f5 41. Rh1 Kc5 42. Bb3 0-1

[Event "Mannheim op 2nd"]
[Site "Mannheim"]
[Date "2001.12.27"]
[Round "2"]
[White "Panzalovic, Srdjan"]
[Black "Barnstedt, Dietrich"]
[Result "1-0"]
[WhiteElo "2444"]
[BlackElo "2110"]
[PlyCount "97"]
[EventDate "2001.12.26"]
[EventType "swiss"]
[EventRounds "7"]
[EventCountry "GER"]
[SourceTitle "EXT 2003"]
[Source "ChessBase"]
[SourceDate "2002.11.25"]
[SourceVersion "1"]
[SourceVersionDate "2002.11.25"]
[SourceQuality "1"]

1. Nf3 Nf6 2. c4 g6 3. Nc3 d5 4. cxd5 Nxd5 5. Qa4+ Nc6 6. Ne5 Nxc3 7. bxc3 Bd7 8. Nxd7 Qxd7 9. Rb1 Nd8 10. Qc4 Bg7 11. g3 0-0 12. Bg2 c6 13. a4 e5 14. h4 h5 15. Bh3 Ne6 16. Bxe6 fxe6 17. Qe4 Rf5 18. d3 Raf8 19. Be3 b6 20. c4 Kh7 21. a5 Bh6 22. Bxh6 Kxh6 23. axb6 axb6 24. Qe3+ Kg7 25. 0-0 b5 26. cxb5 cxb5 27. Qb6 Qd4 28. Rxb5 g5 29. hxg5 Qxb6 30. Rxb6 Rxg5 31. Rb4 Rf4 32. Rb7+ Rf7 33. Rxf7+ Kxf7 34. Kh2 Kg6 35. Rc1 Rf5 36. f3 Rf8 37. Kg2 Ra8 38. Kf2 Kf5 39. Rh1 Kg5 40. Ke3 Ra2 41. Rh4 Rb2 42. Re4 Kf5 43. Rh4 Kg5 44. Ra4 Kf5 45. Ra5 Kf6 46. f4 exf4+ 47. gxf4 Kg6 48. Re5 Rb6 49. Kf3 1-0